Pokémon - Les attaques de Lunala - Statistiques

Statistiques générales
  • Ce quiz a été pris 14 fois
  • Le résultat moyen est 10 sur 17
Statistiques - réponses
Niveaux Types Noms des attaques % Correct
Niveau 28 Spectre Ball'Ombre
89%
Départ Psy Force Cosmique
89%
Niveau 56 Fée Pouvoir Lunaire
89%
Départ Évolution Spectre Rayon Spectral
89%
Niveau 63 Spectre Hantise
78%
Niveau 84 Normal Ultralaser
78%
Niveau 21 Vol Lame d'Air
67%
Niveau 7 Spectre Ombre Nocturne
67%
Niveau 35 Fée Rayon Lune
67%
Départ Psy Choc Mental
56%
Départ Psy Téléport
56%
Niveau 70 Psy Dévorêve
44%
Niveau 42 Ténèbres Explonuit
44%
Niveau 77 Roche Garde Large
44%
Départ Psy Hypnose
44%
Niveau 14 Spectre Onde Folie
22%
Niveau 49 Psy Reflet Magik
11%
Aucun quiz correspondant
Distribution des résultats
% des personnes avec chaque résultat
Percentile par nombre de réponses
Votre historique - résultats
Vous n’avez pas pris ce quiz